Estrategia para promover la cultura de toma de decisiones basada en la gestión de la información

Guardado en:
Bibliografiske detaljer
Hovedforfatter: Flores Marín, Jacqueline
Andre forfattere: Jiménez Chacón, Carolina, Salazar Vargas, Gerlin
Format: Bog
Udgivet: [San José, Costa Rica] 2008
Fag:
Tags: Tilføj Tag
Ingen Tags, Vær først til at tagge denne postø!

MARC

LEADER 00000nam a2200000Ia 4500
003 001077
005 20221231144101.0
008 140114s2008 cr a 000 ||s d
040 |c cru CEDI  
090 |a TFG 5602 
100 |a Flores Marín, Jacqueline   |9 4459 
245 |a  Estrategia para promover la cultura de toma de decisiones basada en la gestión de la información  
260 |c 2008  |b [San José, Costa Rica] 
300 |a 221 hojas; ilustraciones 
500 |a Proyecto de graduación (licenciatura en ingeniería industrial)--Universidad de Costa Rica. Facultad de Ingeniería. Escuela de Ingeniería Industrial 
650 |x TOMA DE DECISIONES   |x GESTION DE INFORMACION   |x  DESARROLLO DE LA COMUNIDAD   |x LIDERAZGO COMUNITARIO  |x DESARROLLO HUMANO   |9 4462 
700 |9 4460  |a Jiménez Chacón, Carolina  
700 |9 4461  |a Salazar Vargas, Gerlin 
942 |c TFG 
999 |c 16658  |d 16658